Možnosti rozvoja vybranej destinácie cestovného ruchu v krajinách bývalej Juhoslávie bakalárska práca

Saved in:
Bibliographic Details
Main Author: Füle, Karol
Corporate Author: Obchodná fakulta EU. Katedra služieb a cestovného ruchu - zrušené
Other Authors: Staňo, Roman
Format: Book
Language:Slovak
Published: Bratislava 2015
Tags: Add Tag
No Tags, Be the first to tag this record!

MARC

LEADER 00000nbm a2200000 4500
001 0206515
005 20161212110004.4
041 0 |a slo 
044 |a SK 
245 1 0 |a Možnosti rozvoja vybranej destinácie cestovného ruchu v krajinách bývalej Juhoslávie  |b bakalárska práca  |c Karol Füle ; školiteľ: Roman Staňo 
264 1 |a Bratislava  |c 2015 
300 |a 46 s. 
100 1 |a Füle, Karol 
700 1 |a Staňo, Roman 
710 2 |a Obchodná fakulta EU. Katedra služieb a cestovného ruchu - zrušené